Universal human rights in theory and practice/ (Record no. 54485)

000 -LEADER
fixed length control field 00403nam a22001577a 4500
020 ## - INTERNATIONAL STANDARD BOOK NUMBER
ISBN 9788131606551
082 ## - DEWEY DECIMAL CLASSIFICATION NUMBER
Classification number 323
Item number JAC/U
100 ## - MAIN ENTRY--AUTHOR NAME
Personal name Jack Donnelly
245 ## - TITLE STATEMENT
Title Universal human rights in theory and practice/
Statement of responsibility, etc by Jack Donnelly
250 ## - EDITION STATEMENT
Edition statement 3rd.
260 ## - PUBLICATION, DISTRIBUTION, ETC. (IMPRINT)
Place of publication Jaipur:
Name of publisher Rawath Publications,
Year of publication 2014.
300 ## - PHYSICAL DESCRIPTION
Number of Pages x, 320p.
650 ## - SUBJECT ADDED ENTRY--TOPICAL TERM
Topical Term Human Rights
650 ## - SUBJECT ADDED ENTRY--TOPICAL TERM
Topical Term Social Sciences
942 ## - ADDED ENTRY ELEMENTS (KOHA)
Koha item type Book
Holdings
Withdrawn status Lost status Damaged status Not for loan Permanent Location Current Location Shelving location Date acquired Cost, normal purchase price Full call number Accession Number Price effective from Koha item type
        Sree Sankaracharya University of Sanskrit Sree Sankaracharya University of Sanskrit Stacks 15.07.2015 1195.00 323 JAC/U 076298 15.07.2015 Book